Getting Started with ArcGIS / (Record no. 616101)

000 -LEADER
fixed length control field 00455nam a22001697a 4500
003 - CONTROL NUMBER IDENTIFIER
control field NUST
005 - DATE AND TIME OF LATEST TRANSACTION
control field 20260206163123.0
008 - FIXED-LENGTH DATA ELEMENTS--GENERAL INFORMATION
fixed length control field 260206b ||||| |||| 00| 0 eng d
020 ## - INTERNATIONAL STANDARD BOOK NUMBER
International Standard Book Number 978-1879102934
082 ## - DEWEY DECIMAL CLASSIFICATION NUMBER
Classification number 910.285
100 ## - MAIN ENTRY--PERSONAL NAME
Personal name Bob Booth & Andy Mitchell.
9 (RLIN) 133103
245 ## - TITLE STATEMENT
Title Getting Started with ArcGIS /
Statement of responsibility, etc. Bob Booth & Andy Mitchell.
260 ## - PUBLICATION, DISTRIBUTION, ETC.
Place of publication, distribution, etc. USA:
Name of publisher, distributor, etc. ESRI Press,
Date of publication, distribution, etc. 2001.
300 ## - PHYSICAL DESCRIPTION
Extent 260 p ;
563 ## - BINDING INFORMATION
Binding note Papercover
942 ## - ADDED ENTRY ELEMENTS (KOHA)
Source of classification or shelving scheme
Koha item type Book
Holdings
Withdrawn status Lost status Source of classification or shelving scheme Damaged status Not for loan Permanent Location Current Location Date acquired Total Checkouts Full call number Barcode Date last seen Price effective from Koha item type
          Institute of Geographical Information Systems (IGIS) Institute of Geographical Information Systems (IGIS) 02/06/2026   910.285 IGIS-1072 02/06/2026 02/06/2026 Book
          Institute of Geographical Information Systems (IGIS) Institute of Geographical Information Systems (IGIS) 02/06/2026   910.285 IGIS-649 02/06/2026 02/06/2026 Book
© 2023 Central Library, National University of Sciences and Technology. All Rights Reserved.